00635 2200253 4500001002100000005001700021008004100038035002400079082001000103090001700113100001700130245003000147250001400177260004600191300003000237500003100267650001000298850001300308980001500321985000600336986000900342999001500351999001500366YOGYA-0209000002116920090227023514.0 ind  0010-020900000021169 a615.3 a615.3bWin E aWINARNO, F G aEnzim PangancF.G.Winarno aJakarta : aJakarta :bGramedia Pustaka Utama,c21 cm axii, 113 hlmbilusc21 cm aBibliografi : hlm. 109-110 aEnzim aYOPDYOGB a03-08-2006 a2 artrv a95P0074741 a95P0074769